Statistics for Artists Featured on Kanye West Albums

Click here to take the quiz!

General Stats

  • This quiz has been taken 365 times
  • The average score is 39 of 96

Answer Stats

AlbumSongArtist% Correct
My Beautiful Dark Twisted FantasyMonsterJay-Z
93%
My Beautiful Dark Twisted FantasySo AppalledJay-Z
93%
The College DropoutNever Let Me DownJay-Z
93%
Late RegistrationDiamonds from Sierra Leone (Remix)Jay-Z
93%
808s & HeartbreakWelcome to HeartbreakKid Cudi
89%
My Beautiful Dark Twisted FantasyGorgeousKid Cudi
89%
The Life of PabloFather Stretch My Hands Pt. 1Kid Cudi
89%
The Life of PabloWavesKid Cudi
89%
My Beautiful Dark Twisted FantasyMonsterNicki Minaj
88%
My Beautiful Dark Twisted FantasyMonsterRick Ross
81%
My Beautiful Dark Twisted FantasyDevil in a New DressRick Ross
81%
My Beautiful Dark Twisted FantasySo AppalledPusha T
80%
My Beautiful Dark Twisted FantasyRunawayPusha T
80%
Late RegistrationGold DiggerJamie Foxx
78%
The College DropoutSlow JamzJamie Foxx
78%
The Life of PabloNo More Parties in LAKendrick Lamar
75%
The Life of PabloFamousRihanna
75%
808s & HeartbreakSee You in My NightmaresLil Wayne
71%
GraduationBarry BondsLil Wayne
71%
yeGhost TownPartyNextDoor
63%
yeWouldn't LeavePartyNextDoor
63%
The Life of PabloUltralight BeamChance the Rapper
59%
GraduationGood LifeT-Pain
59%
GraduationHomecomingChris Martin
58%
The Life of PabloPt. 2Desiigner
55%
The Life of PabloFreestyle 4Desiigner
55%
YeezusNew SlavesFrank Ocean
55%
My Beautiful Dark Twisted FantasyBlame GameJohn Legend
55%
Late RegistrationHeard 'Em SayAdam Levine
54%
My Beautiful Dark Twisted FantasyMonsterBon Iver
54%
YeezusI'm In ItJustin Vernon
54%
YeezusHold My LiquorJustin Vernon
54%
Late RegistrationTouch the SkyLupe Fiasco
54%
My Beautiful Dark Twisted FantasyLost in the WorldBon Iver
53%
GraduationDrunk and Hot GirlsMos Def
53%
The College DropoutTwo WordsMos Def
53%
The Life of PabloFMLThe Weeknd
51%
Late RegistrationWe MajorNas
50%
The College DropoutAll Falls DownSyleena Johnson
49%
The College DropoutSlow JamzTwista
47%
GraduationFlashing LightsDwele
43%
The Life of PabloReal FriendsTy Dolla Sign
43%
The Life of PabloFadeTy Dolla Sign
43%
Jesus Is KingEverything We NeedTy Dolla Sign
43%
My Beautiful Dark Twisted FantasyGorgeousRaekwon
41%
YeezusHold My LiquorChief Keef
39%
The College DropoutGet Em HighCommon
39%
The Life of PabloSaint PabloSampha
38%
The College DropoutBreathe In Breathe OutLudacris
37%
The Life of PabloWavesChris Brown
36%
808s & HeartbreakAmazingYoung Jeezy
36%
The College DropoutSpaceshipConsequence
34%
Late RegistrationGoneConsequence
34%
The Life of PabloWolvesSia
32%
The College DropoutSpaceshipGLC
31%
Late RegistrationDrive SlowGLC
31%
808s & HeartbreakParanoidMr Hudson
30%
Jesus Is KingEvery HourSunday Service Choir
30%
GraduationEverything I AmDJ Premier
28%
Late RegistrationCrack MusicThe Game
28%
The Life of PabloFadePost Malone
27%
My Beautiful Dark Twisted FantasySo AppalledCyhi the Prynce
26%
My Beautiful Dark Twisted FantasySo AppalledRZA
25%
The College DropoutGet Em HighTalib Kweli
25%
The Life of Pablo30 HoursAndré 3000
24%
Jesus Is KingWaterAnt Clemons
23%
Jesus Is KingEverything We NeedAnt Clemons
23%
YeezusBound 2Charlie Wilson
21%
Jesus Is KingUse This GospelClipse
21%
The College DropoutNever Let Me DownJ. Ivy
21%
Jesus Is KingUse This GospelKenny G
20%
The Life of PabloHighlightsYoung Thug
20%
Late RegistrationDrive SlowPaul Wall
17%
The Life of PabloFamousSwizz Beatz
16%
My Beautiful Dark Twisted FantasySo AppalledSwizz Beatz
16%
Late RegistrationBring Me DownBrandy
15%
The College DropoutTwo WordsFreeway
15%
Late RegistrationWe MajorReally Doe
15%
Late RegistrationGoneCam'ron
13%
The Life of PabloWolvesVic Mensa
12%
The Life of PabloHighlightsThe-Dream
10%
The Life of PabloUltralight BeamThe-Dream
10%
The College DropoutTwo WordsThe Boys Choir of Harlem
9%
Jesus Is KingHands OnFred Hammond
8%
The Life of PabloHighlightsKelly Price
7%
The Life of PabloFather Stretch My Hands Pt. 1Kelly Price
7%
The Life of PabloUltralight BeamKelly Price
7%
The Life of PabloSiiiiiiiiilver Surffffeeeeer IntermissionMax B
7%
The Life of PabloSiiiiiiiiilver Surffffeeeeer IntermissionFrench Montana
6%
YeezusSend it UpKing L
5%
YeezusI'm In ItAssassin
4%
The Life of PabloUltralight BeamKirk Franklin
4%
The Life of PabloWolvesCaroline Shaw
2%
The Life of PabloPt. 2Caroline Shaw
2%
The Life of PabloFMLCaroline Shaw
2%
The Life of PabloHighlightsEl DeBarge
2%

Score Distribution

Percentile by Number Answered

Percent of People with Each Score

Your Score History

You have not taken this quiz